| 000 | 01539nam2a22002651 4500 | ||
|---|---|---|---|
| 001 | RU\NLR\INFOCOMM19\1000040301 | ||
| 005 | 20250617161954.0 | ||
| 035 | _a(NLR Aleph) 002771696 | ||
| 090 |
_a2324759 _c2324759 |
||
| 100 | _a20040224d1985 |||y0rusy50 ca | ||
| 101 | 0 | _arus | |
| 102 | _aRU | ||
| 105 | _ay ||||||||| | ||
| 200 | 1 |
_aРеализация программы рационализации - основа обеспечения сбалансированности общественного питания _fР.В. Савкина, В.И. Пивоваров |
|
| 210 |
_d1985 _aБ. м. |
||
| 461 | 0 |
_1001RU\NLR\INFOCOMM19\1000040233 _12001#$aГосударственная торговля$iСерия "Общественное питание"$fМ-во торг. СССР. ЦНИИ науч., техн. и экон. информации в торговле и обществ. питании. Обзорная информация$v1985, Вып.5 _92324176 _cМ. _d1970- _fМ-во торг. СССР. ЦНИИ науч., техн. и экон. информации в торговле и обществ. питании. Обзорная информация _iСерия "Общественное питание" _tГосударственная торговля _v1985, Вып.5 |
|
| 700 | 1 |
_aСавкина _bР.В. _4070 |
|
| 701 | 1 |
_aПивоваров _bВ.И. _4070 |
|
| 801 | 1 |
_aRU _bInfoComm _c20040224 |
|
| 801 | 0 |
_aRU _bNLR _gPSBO |
|
| 852 |
_aNLR _jП10/3653 |
||
| 942 | _cISSUE | ||
| 980 | _aNB | ||
| 980 | _aRUSPER | ||